Tectonic and igneous geology of the northern Shoshone Range, Nevada, (Record no. 30067)

MARC details
000 -LEADER
fixed length control field 01201cam a22003011 4500
001 - CONTROL NUMBER
control field gs 65000303
003 - CONTROL NUMBER IDENTIFIER
control field DLC
005 - DATE AND TIME OF LATEST TRANSACTION
control field 20260227111417.0
008 - FIXED-LENGTH DATA ELEMENTS--GENERAL INFORMATION
fixed length control field 780209s1965 dcuab b f000 0 eng
010 ## - LIBRARY OF CONGRESS CONTROL NUMBER
LC control number gs 65000303
035 ## - SYSTEM CONTROL NUMBER
System control number (OCoLC)3621415
040 ## - CATALOGING SOURCE
Original cataloging agency DLC
Transcribing agency OClU
Modifying agency OCoLC
-- DLC
042 ## - AUTHENTICATION CODE
Authentication code premarc
050 00 - LIBRARY OF CONGRESS CALL NUMBER
Classification number QE75
Item number .P9 no. 465
100 1# - MAIN ENTRY--PERSONAL NAME
Personal name Gilluly, James,
Dates associated with a name 1896-1980.
245 10 - TITLE STATEMENT
Title Tectonic and igneous geology of the northern Shoshone Range, Nevada,
Statement of responsibility, etc. by James Gilluly and Olcott Gates. With sections on Gravity in Crescent Valley, by Donald Plouff and Economic geology, by Keith B. Ketner.
260 ## - PUBLICATION, DISTRIBUTION, ETC.
Place of publication, distribution, etc. Washington,
Name of publisher, distributor, etc. U.S. Govt. Print. Off.,
Date of publication, distribution, etc. 1965.
300 ## - PHYSICAL DESCRIPTION
Extent 153 p.
Other physical details illus., maps, and portfolio (fold. illus., 8 fold. maps (6 col.))
Dimensions 29 cm.
410 20 - SERIES STATEMENT/ADDED ENTRY--CORPORATE NAME [OBSOLETE, CAN/MARC], [LOCAL, USA]
Corporate name or jurisdiction name as entry element Geological Survey (U.S.).
Title of a work Professional paper,
Volume number/sequential designation 465
500 ## - GENERAL NOTE
General note "Prepared in cooperation with the Nevada Bureau of Mines."
504 ## - BIBLIOGRAPHY, ETC. NOTE
Bibliography, etc. note Bibliography: p. 144-147.
650 #0 - SUBJECT ADDED ENTRY--TOPICAL TERM
Topical term or geographic name entry element Geology
Geographic subdivision Nevada
-- Shoshone Mountains.
650 #0 - SUBJECT ADDED ENTRY--TOPICAL TERM
Topical term or geographic name entry element Geology, Structural.
650 #0 - SUBJECT ADDED ENTRY--TOPICAL TERM
Topical term or geographic name entry element Igneous rocks.
700 1# - ADDED ENTRY--PERSONAL NAME
Personal name Gates, Olcott,
Dates associated with a name 1919-
Relator term joint author.
710 2# - ADDED ENTRY--CORPORATE NAME
Corporate name or jurisdiction name as entry element Nevada Bureau of Mines.
740 0# - ADDED ENTRY--UNCONTROLLED RELATED/ANALYTICAL TITLE
Uncontrolled related/analytical title Shoshone Range, Nevada.

No items available.

Powered by Koha